| 000 | 00727nam a22002175i 4500 | ||
|---|---|---|---|
| 001 | 168197 | ||
| 003 | ES-MaACL | ||
| 005 | 20250717013107.0 | ||
| 008 | 051006s1894 sp | |||||||| ||spa d | ||
| 040 |
_aCAM _bspa _cCAM |
||
| 100 | 1 |
_aZola, Émile, _d1840-1902 _9118331 |
|
| 245 | 1 | 0 |
_aLourdes / _cpor Emilio Zola, traducción de Juan Bautista Enseñat. |
| 260 |
_aMadrid : _b[s.n.], _c1894 ( _fEstablecimiento tipo-litográfico La Catalana) |
||
| 300 |
_a271 p. ; _c25 cm. |
||
| 490 | 1 | _aBiblioteca de El Globo | |
| 710 | 2 |
_aLa Catalana, _eimp. _9134608 |
|
| 752 |
_aEspaña - _dMadrid |
||
| 830 | 0 |
_aBiblioteca de El Globo _9222696 |
|
| 852 |
_aES-MaACL _jF-9391 _z-- Enc. hol. |
||
| 999 |
_c168197 _d168197 |
||